Nanotechnology : The business

Nanotechnology: The Business presents an in-depth discussion of available corporate structures, delineating the advantages and disadvantages of each. It also describes an array of other issues the nano entrepreneur will encounter, from business plans and financing to budgeting, facilities procuremen...

Full beskrivning

Sparad:
Bibliografiska uppgifter
Huvudupphovsman: Burke, Michael
Materialtyp: Bok
Språk:Undetermined
Publicerad: Boca Raton, FL CRC Press/Taylor & Francis 2009
Ämnen:
Taggar: Lägg till en tagg
Inga taggar, Lägg till första taggen!
Thư viện lưu trữ: Trung tâm Học liệu Trường Đại học Cần Thơ
LEADER 00955nam a2200229Ia 4500
001 CTU_155186
008 210402s9999 xx 000 0 und d
020 |c 864000 
082 |a 620.5068 
082 |b B959 
100 |a Burke, Michael 
245 0 |a Nanotechnology : 
245 4 |b The business 
245 0 |c Michael T. Burke 
260 |a Boca Raton, FL 
260 |b CRC Press/Taylor & Francis 
260 |c 2009 
520 |a Nanotechnology: The Business presents an in-depth discussion of available corporate structures, delineating the advantages and disadvantages of each. It also describes an array of other issues the nano entrepreneur will encounter, from business plans and financing to budgeting, facilities procurement, and staffing. 
650 |a Nanotechnology,Công nghệ nano 
650 |x Industrial applications,Ứng dụng công nghiệp 
904 |i QHieu 
980 |a Trung tâm Học liệu Trường Đại học Cần Thơ